header

Big Books of Trains (Record no. 264054)

MARC details
000 -LEADER
fixed length control field 00217nam a22000977a 4500
020 ## - INTERNATIONAL STANDARD BOOK NUMBER
ISBN 0789434369
100 ## - MAIN ENTRY--AUTHOR NAME
Personal name Jane Yorke
245 ## - TITLE STATEMENT
Title Big Books of Trains
260 ## - PUBLICATION, DISTRIBUTION, ETC. (IMPRINT)
Place of publication United States
Name of publisher DK Publishing
Year of publication 1998
942 ## - ADDED ENTRY ELEMENTS (KOHA)
Koha item type Long Loan Books
Holdings
Withdrawn status Lost status Collection code Home library Current library Shelving location Date acquired Accession Number Koha item type
    Fiction Rongo University Library Rongo University Library Children's Area 17/07/2024 CL20211072 Long Loan Books

© 2026 Rongo University
Contact us: librarian | system librarian | Rongo university